Guess English football clubs by logo - Statistics

General Stats
  • This quiz has been taken 566 times
  • The average score is 54 of 92
Answer Stats
Picture Answer % Correct
Newcastle United
98%
Liverpool
96%
Manchester United
96%
Manchester City
95%
Everton
93%
Sunderland
85%
Arsenal
84%
Chelsea
84%
Tottenham Hotspur
84%
Wolverhampton Wanderers
84%
Aston Villa
83%
Burnley
83%
West Ham United
83%
Brighton & Hove Albion
82%
Leicester City
82%
Nottingham Forest
82%
Fulham
81%
Crystal Palace
80%
Leeds United
80%
Bournemouth
78%
Brentford
77%
Southampton
77%
Middlesbrough
76%
Blackburn Rovers
75%
Norwich City
75%
Watford
74%
Derby County
73%
Queens Park Rangers
73%
Stoke City
72%
Birmingham City
71%
Sheffield United
71%
Hull City
70%
Ipswich Town
70%
Bolton Wanderers
68%
West Bromwich Albion
68%
Wigan Athletic
68%
Preston North End
67%
Luton Town
65%
Cardiff City
64%
Wrexham
62%
Millwall
61%
Oxford United
59%
Portsmouth
58%
Bristol City
57%
Milton Keynes Dons
57%
Reading
57%
Sheffield Wednesday
57%
Wimbledon
57%
Blackpool
55%
Plymouth Argyle
55%
Barnsley
54%
Charlton Athletic
54%
Salford City
52%
Coventry City
51%
Fleetwood Town
51%
Swansea City
51%
Rotherham United
50%
Wycombe Wanderers
49%
Leyton Orient
48%
Huddersfield Town
47%
Doncaster Rovers
46%
Grimsby Town
46%
Morecambe
46%
Notts County
46%
Forest Green Rovers
45%
Cambridge United
44%
Mansfield Town
44%
Bradford City
43%
Lincoln City
43%
Walsall
43%
Bristol Rovers
42%
Burton Albion
42%
Crewe Alexandra
42%
Gillingham
41%
Port Vale
40%
Accrington Stanley
39%
Carlisle United
39%
Exeter City
39%
Northampton Town
39%
Swindon Town
39%
Cheltenham Town
37%
Colchester United
36%
Newport County
36%
Shrewsbury Town
36%
Stevenage
34%
Barrow
31%
Peterborough United
30%
Crawley Town
29%
Harrogate Town
29%
Stockport County
28%
Sutton United
22%
Tranmere Rovers
19%
No matching quizzes found
Score Distribution
Percent of People with Each Score
Percentile by Number Answered
Your Score History
You have not taken this quiz